|
|
|
|
| LEADER |
01160nam a2200241 a 4500 |
| 001 |
00024062 |
| 008 |
111220s2007 bg l f001 0 eng d |
| 040 |
|
|
|a DLC
|c DLC
|d BD-DhAAL
|
| 082 |
0 |
0 |
|a 348.5492/022
|2 22
|
| 110 |
1 |
|
|a Bangladesh.
|
| 240 |
1 |
0 |
|a Laws, etc. (Bangladesh Code : 2007)
|
| 245 |
1 |
4 |
|a The Bangladesh code,
|n volume no.V
|
| 260 |
|
|
|a Dhaka :
|b Legislative Administration and Management, Ministry of Law, Justice and Parliamentary Affairs,
|c 2007.
|
| 300 |
|
|
|a 497 p. ;
|c 25 cm.
|
| 500 |
|
|
|a At head of title: Government of the People's Republic of Bangladesh, Ministry of Law, Justice, and Parliamentary Affairs.
|
| 500 |
|
|
|a "Laws contained in the volume are up to date as of January, 2007."
|
| 500 |
|
|
|a Act no. IV of 1899 to Act No. V of 1908
|
| 541 |
|
|
|e 00024062
|
| 650 |
|
0 |
|a Law
|z Bangladesh.
|
| 710 |
1 |
|
|a Government of the People's Republic of Bangladesh
|b Ministry of Law, Justice, and Parliamentary Affairs.
|
| 852 |
4 |
|
|a Ayesha Abed Library
|j General shelf
|
| 999 |
|
|
|c 11638
|d 11638
|
| 952 |
|
|
|0 0
|1 0
|4 0
|6 348_549202200000000_BAN
|7 0
|9 18931
|a BRACUL
|b BRACUL
|c REF
|d 2011-12-22
|l 0
|o 348.5492022 BAN
|p 3010024062
|r 2011-12-22
|t 1
|w 2011-12-22
|y RSV
|x Available
|